000 00244nam a2200097Ia 4500
008 190216s9999||||xx |||||||||||||| ||und||
100 _aWalf T Overman
245 0 _aAnukendra Resathanthrathile Adisthana Sankalpangal
260 _bNull
942 _cBK
999 _c2012
_d2012